01437nam a22002057a 45000010005000000030006000050050017000110080041000280200018000690400029000870500011001160820012001271000020001392450101001592500025002602600053002853000063003385200795004017000035011966332FISKH20250423105250.0250422b cb ||||| |||| 00| 0 eng d a9780521179607 aFISKHbengcFISKHdFISKH aPE1128 a 428.24 aBrook-Hart, Guy aComplete IELTS :bBands 4-5 Student's Book with Answer /cBy Guy Brook-Hart and Vanessa Jakeman  aFirst published 2012 aCambridge :bCambridge University Press, c2012. a198 pages : bcolor illustrations , with CD-ROM ;c28 cm . aComplete IELTS combines the very best in contemporary classroom practice with stimulating topics aimed at young adults wanting to study at university. It is designed to introduce students to the critical thinking required for IELTS and provide strategies and skills to maximise their score. The 10 topic-based units offer step-by-step approach to completing the different task-types for reading and listening and stimulating speaking activities to increase confidence and fluency. A Language Reference provides further grammar and vocabulary explanations and examples while Writing and Speaking References complete with tasks, sample answers and exercises. The Student's Book includes a full IELTS practice test, and a CD-ROM containing additional skills, grammar and vocabulary exercises.  aJakeman, Vanessa eIllustrator